| 000 | 01754nam a22003731a 4500 | ||
|---|---|---|---|
| 999 |
_c7620 _d7620 |
||
| 001 | 7620 | ||
| 003 | OSt | ||
| 005 | 20260204212138.0 | ||
| 008 | 080123s2007||||dr ||||||b||||||||||spa|| | ||
| 090 | _aM-BA 2007 H37 | ||
| 100 | 1 |
_aHernandez, Modesta Altagracia _esustentante |
|
| 245 | 1 | 0 | _aRespuestas a las necesidades educativas especiales en los centros urbanos y rural de básica Narciso Alberti, El Pescozón, Luís y Sáballo del distrito 16-03 de Cevicos del año 2006-2007 / Modesta Altagracia Hernández y otros once ; asesor Esperanza De Camps Amarante. |
| 260 |
_aCotuí, Republica Dominicana : _bUTECO, _c2007 |
||
| 300 | _a96 hojas : | ||
| 502 | _aMonográfico (Educación básica)--Universidad Tecnológica del Cibao Oriental, 2007 | ||
| 504 | _aIncluye referencia bibliográfica e índice | ||
| 520 | _aEducación BásicaÌ | ||
| 650 | 4 | _aNecesidades educativas especiales--Monográfico Educación Básica | |
| 700 | 1 |
_aVicioso A., Victoria Altagracia _esustentante |
|
| 700 | 1 |
_aVicioso A., Victoria Altagracia _esustentante |
|
| 700 | 1 |
_aMieses, Malta María _esustentante |
|
| 700 | 1 |
_aRojas Gavilán, Yuderky Mercedes _esustentante |
|
| 700 | 1 |
_aRondón Polanco, Deyanira _esustentante |
|
| 700 | 1 |
_aHernández Guerrero, Andrea _esustentante |
|
| 700 | 1 |
_aLázala Hernández, Elaine _esustentante |
|
| 700 | 1 |
_aVásquez Vásquez, Manuel _esustentante |
|
| 700 | 1 |
_aSantos Núñez, Sofía Altagracia _esustentante |
|
| 700 | 1 |
_aBurgos Cabral, Mercedes _esustentante |
|
| 700 | 1 |
_aCapellán, Maritza _esustentante |
|
| 700 | 1 |
_aVeras, Gladys _esustentante |
|
| 700 | 1 |
_aDe Camps Amarante, Esperanza _easesor |
|
| 830 | _aTesis y disertaciones académicas (Universidad Tecnológica del Cibao Oriental) | ||
| 942 |
_2LC _cTH |
||